[Event "Nova Gorica op 28th"]
[Site "Nova Gorica"]
[Date "2024.02.01"]
[Round "8"]
[White "Horvath, Andras2"]
[Black "Vicic, Mark"]
[Result "1/2-1/2"]
[WhiteElo "1901"]
[BlackElo "1729"]
[PlyCount "73"]
[EventDate "2024.01.26"]
[EventType "swiss"]
[EventRounds "9"]
[EventCountry "SLO"]
[SourceTitle "CB06_2024"]
[SourceDate "2024.02.07"]
[SourceVersion "1"]
[SourceVersionDate "2024.02.07"]
[SourceQuality "1"]

1. e4 c6 2. d4 d5 3. exd5 cxd5 4. Bd3 Nc6 5. c3 Nf6 6. Bf4 Bg4 7. Qb3 Qd7 8. Nd2 e6 9. Ngf3 Bd6 10. Bxd6 Qxd6 11. 0-0 0-0 12. Rfe1 Qc7 13. Ne5 Bh5 14. h3 Nxe5 15. dxe5 Nd7 16. Qb4 Nxe5 17. Bxh7+ Kxh7 18. Qh4 g6 19. g4 Nxg4 20. hxg4 Qf4 21. f3 Qxd2 22. gxh5 gxh5 23. Qxh5+ Qh6 24. Qxh6+ Kxh6 25. Kf2 Kg6 26. Ke3 Kf6 27. Rad1 Rac8 28. Rd4 Rh8 29. Re2 Rh1 30. Rg2 Re1+ 31. Kd2 Rf1 32. Rf4+ Ke7 33. Ke2 Ra1 34. a3 Rh8 35. Rg7 Rh2+ 36. Ke3 Re1+ 37. Kd3 1/2-1/2

[Event "Nova Gorica op 28th"]
[Site "Nova Gorica"]
[Date "2024.01.30"]
[Round "6"]
[White "Vicic, Mark"]
[Black "Hrescak, Ivana"]
[Result "0-1"]
[WhiteElo "1729"]
[BlackElo "2117"]
[PlyCount "80"]
[EventDate "2024.01.26"]
[EventType "swiss"]
[EventRounds "9"]
[EventCountry "SLO"]
[SourceTitle "CB06_2024"]
[SourceDate "2024.02.07"]
[SourceVersion "1"]
[SourceVersionDate "2024.02.07"]
[SourceQuality "1"]

1. b3 e5 2. Bb2 d6 3. c4 Nf6 4. g3 Be7 5. Bg2 c6 6. e3 Bg4 7. Ne2 Na6 8. d3 h5 9. Qd2 Qd7 10. d4 e4 11. a3 h4 12. Qc2 d5 13. Nd2 Bd6 14. Rg1 Bf5 15. Nf1 h3 16. Bh1 Nc7 17. 0-0-0 b6 18. Nf4 Ng4 19. Kb1 g5 20. Ne2 Nxf2 21. Rc1 Nd3 22. Rd1 Rh6 23. Nc3 Rf6 24. Nd2 Nf2 25. Rde1 Ng4 26. Ka2 Bg6 27. Rgf1 Rxf1 28. Nxf1 Kf8 29. c5 bxc5 30. dxc5 Be5 31. Rd1 Qe7 32. Ne2 Ne6 33. Bxe5 Nxe5 34. Qc3 f6 35. Nd2 Qxc5 36. Qxc5+ Nxc5 37. Rc1 Ncd3 38. Rf1 Ke7 39. Nd4 c5 40. Nb5 Ng4 0-1

[Event "Nova Gorica op 27th"]
[Site "Nova Gorica"]
[Date "2023.03.23"]
[Round "9"]
[White "Vicic, Mark"]
[Black "Rigatti, Giorgio"]
[Result "1-0"]
[WhiteElo "1690"]
[BlackElo "1761"]
[PlyCount "71"]
[EventDate "2023.03.16"]
[EventType "swiss"]
[EventRounds "9"]
[EventCountry "SLO"]
[SourceTitle "CBM 213 Extra"]
[Source "ChessBase"]
[SourceDate "2023.05.31"]
[SourceVersion "1"]
[SourceVersionDate "2023.05.31"]
[SourceQuality "1"]

1. b3 e5 2. Bb2 Nc6 3. e3 Nf6 4. Bb5 Bd6 5. Ne2 0-0 6. 0-0 a6 7. Bxc6 dxc6 8. h3 Qe7 9. c4 c5 10. Nbc3 c6 11. f4 Rd8 12. Qc2 Bc7 13. Rad1 b5 14. Ne4 Nd7 15. N2g3 g6 16. f5 f6 17. fxg6 Rf8 18. Nf5 Qe8 19. g7 Rf7 20. Nh6+ Kxg7 21. Nxf7 Qxf7 22. Ng5 Qh5 23. Ne6+ Kf7 24. Nxc7 Ra7 25. Nd5 cxd5 26. cxd5 Rc7 27. Rf5 Qg6 28. Rdf1 Ke7 29. Qd3 Kd6 30. Qe4 Bb7 31. Rxf6+ Nxf6 32. Qxe5+ Kd7 33. Qe6+ Kd8 34. Bxf6+ Re7 35. Qxe7+ Kc8 36. Qd8# 1-0

[Event "Nova Gorica op 27th"]
[Site "Nova Gorica"]
[Date "2023.03.18"]
[Round "3"]
[White "Novak, Rok"]
[Black "Vicic, Mark"]
[Result "1-0"]
[WhiteElo "1895"]
[BlackElo "1690"]
[PlyCount "45"]
[EventDate "2023.03.16"]
[EventType "swiss"]
[EventRounds "9"]
[EventCountry "SLO"]
[SourceTitle "CBM 213 Extra"]
[Source "ChessBase"]
[SourceDate "2023.05.31"]
[SourceVersion "1"]
[SourceVersionDate "2023.05.31"]
[SourceQuality "1"]

1. e4 c5 2. Nf3 d6 3. d4 cxd4 4. Nxd4 Nf6 5. Nc3 g6 6. Be3 Bg7 7. f3 Nc6 8. Qd2 0-0 9. 0-0-0 d5 10. exd5 Nxd5 11. Nxc6 bxc6 12. Bd4 e6 13. Bxg7 Kxg7 14. Ne4 Qb6 15. c4 Ne7 16. Qc3+ f6 17. g4 Rb8 18. g5 Ng8 19. h4 c5 20. h5 Qb4 21. gxf6+ Nxf6 22. h6+ Kh8 23. Qe5 1-0

[Event "Nova Gorica op 27th"]
[Site "Nova Gorica"]
[Date "2023.03.17"]
[Round "2"]
[White "Vicic, Mark"]
[Black "Cansu, Batuhan"]
[Result "0-1"]
[WhiteElo "1690"]
[BlackElo "2014"]
[PlyCount "64"]
[EventDate "2023.03.16"]
[EventType "swiss"]
[EventRounds "9"]
[EventCountry "SLO"]
[SourceTitle "CBM 213 Extra"]
[Source "ChessBase"]
[SourceDate "2023.05.31"]
[SourceVersion "1"]
[SourceVersionDate "2023.05.31"]
[SourceQuality "1"]

1. b3 d5 2. Bb2 Bf5 3. e3 Nf6 4. Nf3 e6 5. Be2 h6 6. 0-0 Bd6 7. c4 0-0 8. d4 c6 9. Ne5 Nbd7 10. f4 Ne4 11. Nc3 a5 12. Bg4 Bxg4 13. Nxg4 f5 14. Ne5 Ndf6 15. Ne2 Kh7 16. Rc1 Qe8 17. Qe1 Qh5 18. Rf3 Bb4 19. Bc3 Nxc3 20. Nxc3 Ne4 21. c5 Qe8 22. Rc2 a4 23. Qc1 axb3 24. axb3 Nxc3 25. Rxc3 Bxc3 26. Qxc3 Qd8 27. b4 Ra2 28. Rf1 Qh4 29. Qb3 Rfa8 30. b5 R8a3 31. Qb1 cxb5 32. Qxb5 Rxg2+ 0-1

[Event "Nova Gorica op-A 26th"]
[Site "Nova Gorica"]
[Date "2022.09.16"]
[Round "1"]
[White "Charaus, Florian"]
[Black "Vicic, Mark"]
[Result "1-0"]
[WhiteElo "1993"]
[BlackElo "1641"]
[PlyCount "57"]
[EventDate "2022.09.16"]
[EventType "swiss"]
[EventRounds "9"]
[EventCountry "SLO"]
[SourceTitle "CBM 210 Extra"]
[Source "ChessBase"]
[SourceDate "2022.11.30"]
[SourceVersion "1"]
[SourceVersionDate "2022.11.30"]
[SourceQuality "1"]

1. d4 Nf6 2. c4 e6 3. Nc3 d5 4. cxd5 exd5 5. Bg5 c6 6. Qc2 Bd6 7. e3 Nbd7 8. Bd3 b6 9. Nge2 Bb7 10. 0-0 Qc7 11. Bf4 Rc8 12. Rac1 Bxf4 13. Nxf4 c5 14. dxc5 bxc5 15. Nce2 Qc6 16. Rfd1 d4 17. exd4 g5 18. d5 Qd6 19. Nh3 Ng4 20. Ng3 Ngf6 21. Nxg5 h5 22. Nf5 Qf4 23. Qe2+ Ne5 24. Nh3 Qg4 25. Qxe5+ Kf8 26. Qxf6 Rh7 27. Ng5 Bxd5 28. Nxh7+ Kg8 29. Nh6# 1-0

[Event "Nova Gorica op 24th"]
[Site "Nova Gorica"]
[Date "2019.01.27"]
[Round "4"]
[White "Vicic, Mark"]
[Black "Laco, Giuseppe"]
[Result "0-1"]
[WhiteElo "1563"]
[BlackElo "1985"]
[PlyCount "86"]
[EventDate "2019.01.25"]
[EventType "swiss"]
[EventRounds "9"]
[EventCountry "SLO"]
[SourceTitle "CBM 188 Extra"]
[Source "ChessBase"]
[SourceDate "2019.02.26"]
[SourceVersion "1"]
[SourceVersionDate "2019.02.26"]
[SourceQuality "1"]

1. e4 c5 2. Nc3 e6 3. f4 Nc6 4. Nf3 a6 5. a4 b6 6. Bc4 Bb7 7. 0-0 g6 8. d4 Nxd4 9. Nxd4 cxd4 10. Ne2 Bxe4 11. Kh1 Bg7 12. Nxd4 Qc7 13. Bb3 Ne7 14. Re1 Qb7 15. Nf3 Bxf3 16. Qxf3 Qxf3 17. gxf3 0-0 18. Be3 Rab8 19. Rad1 d5 20. c3 Nf5 21. Bf2 Rfc8 22. Kg2 b5 23. axb5 Rxb5 24. Bc2 Rxb2 25. Bd3 Bxc3 26. Rc1 Rxf2+ 27. Kxf2 Bxe1+ 28. Rxe1 a5 29. Ra1 Ra8 30. Ke2 Kf8 31. Bxf5 gxf5 32. Kd3 a4 33. Kc3 a3 34. Kb3 a2 35. Kc3 Ke7 36. Kd4 Ra4+ 37. Ke3 Kd6 38. h3 d4+ 39. Kd3 Kd5 40. h4 Ra3+ 41. Ke2 Kc4 42. Kd2 Rxf3 43. Kc2 Rf2+ 0-1

[Event "Otocec Krka Terme op"]
[Site "Otocec"]
[Date "2018.12.29"]
[Round "9"]
[White "Vicic, Mark"]
[Black "Mihelic, Vesna"]
[Result "1/2-1/2"]
[WhiteElo "1507"]
[BlackElo "1778"]
[PlyCount "44"]
[EventDate "2018.12.25"]
[EventType "swiss"]
[EventRounds "9"]
[EventCountry "SLO"]
[SourceTitle "EXT 2020"]
[Source "ChessBase"]
[SourceDate "2019.10.17"]
[SourceVersion "1"]
[SourceVersionDate "2019.10.17"]
[SourceQuality "1"]

1. e4 e5 2. Nf3 Nc6 3. d4 exd4 4. Nxd4 Nf6 5. Nc3 Bb4 6. Nxc6 bxc6 7. Bd3 d5 8. 0-0 0-0 9. exd5 cxd5 10. Bg5 c6 11. Qf3 Be7 12. Rfe1 Re8 13. h3 h6 14. Bf4 Be6 15. Rad1 Qb6 16. Na4 Qb7 17. Qe3 Bf8 18. Qf3 Be7 19. Qe3 Bf8 20. Qf3 Be7 21. Qe3 Bf8 22. Qf3 Be7 1/2-1/2

[Event "Otocec Krka Terme op"]
[Site "Otocec"]
[Date "2018.12.27"]
[Round "6"]
[White "Bajo, Tin"]
[Black "Vicic, Mark"]
[Result "1/2-1/2"]
[WhiteElo "1952"]
[BlackElo "1507"]
[PlyCount "67"]
[EventDate "2018.12.25"]
[EventType "swiss"]
[EventRounds "9"]
[EventCountry "SLO"]
[SourceTitle "EXT 2020"]
[Source "ChessBase"]
[SourceDate "2019.10.17"]
[SourceVersion "1"]
[SourceVersionDate "2019.10.17"]
[SourceQuality "1"]

1. e4 c5 2. Nf3 d6 3. Bb5+ Bd7 4. Bxd7+ Qxd7 5. 0-0 Nf6 6. Re1 Nc6 7. c3 e6 8. d4 cxd4 9. cxd4 d5 10. e5 Ne4 11. Nbd2 Nxd2 12. Bxd2 Bb4 13. Bxb4 Nxb4 14. a3 Nc6 15. Rc1 0-0 16. Rc3 Rfc8 17. Qd3 h6 18. b4 Ne7 19. Rec1 Rxc3 20. Rxc3 Rc8 21. Kf1 Rxc3 22. Qxc3 Qc6 23. Qxc6 Nxc6 24. Ke2 Kf8 25. Kd3 Ke7 26. Nd2 Kd7 27. Nb3 b6 28. b5 Na5 29. Nd2 Ke7 30. Ke3 f6 31. f4 f5 32. h3 g5 33. g4 Kf7 34. gxf5 1/2-1/2

[Event "Maribor Pirc Memorial op 20th"]
[Site "Maribor"]
[Date "2017.06.28"]
[Round "5"]
[White "Kralj, Nika"]
[Black "Vicic, Mark"]
[Result "1-0"]
[WhiteElo "1534"]
[BlackElo "1372"]
[PlyCount "107"]
[EventDate "2017.06.24"]
[EventType "swiss"]
[EventRounds "9"]
[EventCountry "SLO"]
[SourceTitle "CBM 179 Extra"]
[Source "ChessBase"]
[SourceDate "2017.08.23"]
[SourceVersion "1"]
[SourceVersionDate "2017.08.23"]
[SourceQuality "1"]

1. e4 c5 2. Nf3 d6 3. d4 cxd4 4. Nxd4 Nf6 5. Nc3 g6 6. Be2 Bg7 7. 0-0 0-0 8. Bg5 Nc6 9. Nb3 Be6 10. Qd2 a6 11. Kh1 b5 12. a3 Qc7 13. f4 Rfd8 14. f5 Bc8 15. fxg6 hxg6 16. Bxf6 Bxf6 17. Nd5 Qa7 18. Nxf6+ exf6 19. Rxf6 Be6 20. Qh6 Bxb3 21. cxb3 Qd4 22. Raf1 Ne5 23. R6f4 Qe3 24. Rh4 Qxh6 25. Rxh6 Kg7 26. Rh3 Rac8 27. Rc3 Rxc3 28. bxc3 Rc8 29. Rc1 Kf6 30. Kg1 Ke6 31. Kf2 f5 32. exf5+ Kxf5 33. Ke3 g5 34. Kd4 Ke6 35. Re1 Nc6+ 36. Kd3 Ne5+ 37. Kd2 Kd5 38. Bf3+ Kc5 39. Re4 Rf8 40. Ke3 a5 41. Rd4 Re8 42. Rd5+ Kb6 43. Rxd6+ Kc7 44. Rd5 Nc4+ 45. Kd4 Nxa3 46. Rxg5 Nc2+ 47. Kc5 a4 48. bxa4 bxa4 49. Rg7+ Kb8 50. Rb7+ Kc8 51. Ra7 a3 52. Ra8+ Kd7 53. Bc6+ Kc7 54. Rxe8 1-0

[Event "Maribor Pirc Memorial op 20th"]
[Site "Maribor"]
[Date "2017.06.27"]
[Round "4"]
[White "Vicic, Mark"]
[Black "Papler, Peter"]
[Result "0-1"]
[WhiteElo "1372"]
[BlackElo "1698"]
[PlyCount "80"]
[EventDate "2017.06.24"]
[EventType "swiss"]
[EventRounds "9"]
[EventCountry "SLO"]
[SourceTitle "CBM 179 Extra"]
[Source "ChessBase"]
[SourceDate "2017.08.23"]
[SourceVersion "1"]
[SourceVersionDate "2017.08.23"]
[SourceQuality "1"]

1. e4 d6 2. d4 g6 3. Nc3 Bg7 4. Nf3 Nd7 5. Bd3 c6 6. 0-0 Qc7 7. Be3 Ngf6 8. Re1 0-0 9. Qd2 e5 10. Rad1 Ng4 11. d5 Nxe3 12. Qxe3 Nb6 13. h3 f5 14. a4 cxd5 15. Nb5 Qe7 16. a5 dxe4 17. axb6 exd3 18. cxd3 axb6 19. Qxb6 Ra6 20. Qe3 Qd7 21. Nc3 b5 22. b4 Bb7 23. Ra1 Rxa1 24. Rxa1 e4 25. dxe4 Bxc3 26. Qxc3 Bxe4 27. Qd4 Qg7 28. Qxg7+ Kxg7 29. Nd4 Rb8 30. Ra5 Bd3 31. Ra6 d5 32. Rd6 Bc4 33. Rd7+ Kh6 34. g4 fxg4 35. hxg4 Rh8 36. f4 Re8 37. g5+ Kh5 38. Rxh7+ Kg4 39. f5 Kg3 40. Ne6 Ra8 0-1

[Event "Portoroz op 10th"]
[Site "Portoroz"]
[Date "2016.07.26"]
[Round "5"]
[White "Vicic, Mark"]
[Black "Vicic, Maks"]
[Result "1-0"]
[WhiteElo "1041"]
[BlackElo "1603"]
[PlyCount "51"]
[EventDate "2016.07.23"]
[EventType "swiss"]
[EventRounds "9"]
[EventCountry "SLO"]
[SourceTitle "CBM 173 Extra"]
[Source "ChessBase"]
[SourceDate "2016.08.29"]
[SourceVersion "1"]
[SourceVersionDate "2016.08.29"]
[SourceQuality "1"]

1. e4 d6 2. d4 Nf6 3. Nc3 g6 4. Nf3 Bg4 5. Be2 Bg7 6. Bg5 0-0 7. Qd2 c6 8. 0-0-0 Qa5 9. Bh6 Rd8 10. h3 Bxf3 11. Bxf3 Na6 12. g4 c5 13. d5 Nb4 14. a3 Na6 15. h4 b5 16. Rdg1 b4 17. axb4 cxb4 18. Nb1 Qa1 19. h5 Rdc8 20. Bxg7 Kxg7 21. hxg6 b3 22. Qh6+ Kg8 23. c3 Nc5 24. Be2 Nfxe4 25. Qxh7+ Kf8 26. Qh8# 1-0

[Event "Portoroz op 10th"]
[Site "Portoroz"]
[Date "2016.07.25"]
[Round "4"]
[White "Olenik Campa, Rudi"]
[Black "Vicic, Mark"]
[Result "1-0"]
[WhiteElo "1280"]
[BlackElo "1041"]
[PlyCount "27"]
[EventDate "2016.07.23"]
[EventType "swiss"]
[EventRounds "9"]
[EventCountry "SLO"]
[SourceTitle "CBM 173 Extra"]
[Source "ChessBase"]
[SourceDate "2016.08.29"]
[SourceVersion "1"]
[SourceVersionDate "2016.08.29"]
[SourceQuality "1"]

1. e4 c5 2. Nf3 d6 3. Nc3 Nf6 4. Bc4 e6 5. d3 d5 6. Bb5+ Bd7 7. Bxd7+ Nbxd7 8. 0-0 Be7 9. e5 Ng4 10. Re1 Qc7 11. Bf4 f6 12. exf6 Qxf4 13. fxe7 Kxe7 14. Nxd5+ 1-0